Things That are Red - Statistics

General Stats
  • This quiz has been taken 107 times
    48 since last reset
  • The average score is 15 of 16
Answer Stats
Picture Answer % Correct
Apple
100%
Cherry
98%
Heart
98%
Rose
98%
Stop Sign
98%
Strawberry
98%
Tomato
98%
Watermelon
98%
Fire
95%
Fire Truck
95%
Ladybug
95%
Pepper
95%
Raspberry
93%
Crab
90%
Leaf
85%
Ketchup
78%
No matching quizzes found
Score Distribution
Percent of People with Each Score
Percentile by Number Answered
Your Score History
You have not taken this quiz since the last reset